000 00911nam a2200241 4500
001 175596
003 ES-MaACL
005 20230906215851.0
008 101110s2007 sp af |||| | spa d
020 _a978-84-935070-1-5
080 _a75 Delgado, Gerardo (083.824)
100 1 _aDelgado, Gerardo.
_9143888
245 1 0 _aNoches
_b: exposición, XIII Encuentros Manuel de Falla, Centro Cultural Manuel de Falla, Fundación Francisco Ayala, Granada 2007 /
_cGerardo Delgado.
260 _aGranada :
_bArchivo Manuel de Falla,
_c[2007]
300 _a28 p., [30] p. de lám. ;
_c23 cm.
600 1 7 _aDelgado, Gerardo-
_vExposiciones.
_9143889
655 7 _2tgfbne
_9193628
_aCatálogos de exposiciones
710 2 _aCentro Cultural Manuel de Falla (Granada)
_9143890
710 2 _aFundación Francisco Ayala.
_94309
852 _aES-MaACL
_j2285-F-6
942 _2udc
999 _c175596
_d175596